000 01158cam a22001934a 4500
005 20250605163927.0
008 250528s ||||||||||||||||||||||||d
035 _a14577
020 _a47132860
040 _aGR-AtMCL
_bgre
_dGR-AtMCL
_eAACR2
245 1 _aEssentials of Physiological Psychology
260 _bJohn Wiley And Sons, Inc,
_c1973
300 _a520
520 _aAn Introduction to Neurophysiology and Neuroanatomy, Research Methods in Physiological Psychology, Basic Units and Functions of Biological Organisms, Anatomy of the Nervous System, The Input and Output Channels of the Organism, Vision, Audition, The Chemical Senses, The Motor System, The Reticular Formation and Nonspecific Thalamic Projection System, The Biological Bases of Motivation, Hunger and the Regulation of Food Intake, Thirst and the Regulation of Food Intake, Affective Behavior, Reward and Punishment, Theories of Motivation, Biological Bases of Learning and Memory, The Nature of Learning, Electrophysiology of Learning, Theories of Learning, Author and Subject Learning.
700 1 _aGrossman Sebastian P
_9290
942 _cBK
999 _c201
_d201